| 000 | 00847nam a2200193Ia 4500 | ||
|---|---|---|---|
| 008 | 151121s9999||||xx |||||||||||||| ||und|| | ||
| 082 | _a811।07/प्रफुल्ल | ||
| 082 | _bHNW-43169 | ||
| 100 | _aप्रफुल्लदत्त | ||
| 245 | _aपदचिन्हे- यशवंताच्या कवितेचे समीक्षण | ||
| 260 | _b"श्रीविद्या प्रकाशन, पुणे।" | ||
| 260 | _c-- | ||
| 300 | _a110 | ||
| 600 | _aप्रफुल्लदत्त | ||
| 630 | _aपदचिन्हे- यशवंताच्या कवितेचे समीक्षण | ||
| 700 | _aप्रफुल्लदत्त | ||
| 730 | _aपदचिन्हे- यशवंताच्या कवितेचे समीक्षण | ||
| 942 | _cBOOK | ||
| 999 |
_c1231412 _d1231409 |
||